| 000 | 00676nam a22001817a 4500 | ||
|---|---|---|---|
| 003 | UA-OsUOA | ||
| 001 | 18634 | ||
| 007 | ta | ||
| 008 | 20040526b un ||||| |||| 00| 0 ukr d | ||
| 100 | _aОлександрович С. | ||
| 942 | _cSA | ||
| 040 |
_aUA-OsUOA _cUA-OsUOA _dUA-OsUOA |
||
| 245 |
_a"Усміхнений" орденоносець _b[Перший заст. голови облдержадміністрації В.Берташ удостоєний Міжнар. нагороди - "Ордена посмішки"] |
||
| 300 | _aС.6 | ||
| 955 | _a0 | ||
| 773 | 0 |
_w0 _tОго _dРівне _d2004 _g№53/20 трав./ |
|
| 650 | 7 |
_aБерташ В. _2UDC |
|
| 999 |
_c304805 _d304805 |
||